INTRODUCING RESEARCH METHODOLOGY (Record no. 29541)
[ view plain ]
| 000 -LEADER | |
|---|---|
| fixed length control field | 00355nam a2200145Ia 4500 |
| 008 - FIXED-LENGTH DATA ELEMENTS--GENERAL INFORMATION | |
| fixed length control field | 240624s9999 xx 000 0 und d |
| 041 ## - LANGUAGE CODE | |
| Language code of text/sound track or separate title | eng |
| 082 ## - DEWEY DECIMAL CLASSIFICATION NUMBER | |
| Classification number | 300.72 FLI |
| 100 ## - MAIN ENTRY--PERSONAL NAME | |
| Personal name | FLICK UWE |
| 245 ## - TITLE STATEMENT | |
| Title | INTRODUCING RESEARCH METHODOLOGY |
| 250 ## - EDITION STATEMENT | |
| Edition statement | (2nd ed.) |
| 260 ## - PUBLICATION, DISTRIBUTION, ETC. | |
| Date of publication, distribution, etc. | 2015 |
| Place of publication, distribution, etc. | New Delhi |
| Name of publisher, distributor, etc. | Sage |
| 300 ## - PHYSICAL DESCRIPTION | |
| Extent | xxii, 295 p.; 23 cm. |
| 365 ## - TRADE PRICE | |
| Currency code | RS |
| Price amount | 32 |
| Withdrawn status | Lost status | Damaged status | Not for loan | Home library | Current library | Shelving location | Date acquired | Cost, normal purchase price | Full call number | Barcode | Date last seen | Copy number | Price effective from | Koha item type |
|---|---|---|---|---|---|---|---|---|---|---|---|---|---|---|
| IMTN | IMTN | Rack 5-A | 11/16/2017 | 350.00 | 300.72 FLI | 29541 | 06/24/2024 | 1 | 06/24/2024 | Books |